[Event "Hamburg St Pauli op-A"]
[Site "Hamburg"]
[Date "2011.07.17"]
[Round "9"]
[White "Schulz, Hans Juergen"]
[Black "Preuss, Flemming"]
[Result "1-0"]
[WhiteElo "2040"]
[BlackElo "1991"]
[PlyCount "51"]
[EventDate "2011.07.09"]
[EventType "swiss"]
[EventRounds "9"]
[EventCountry "GER"]
[SourceTitle "CBM 143 Extra"]
[Source "ChessBase"]
[SourceDate "2011.08.29"]
[SourceVersion "1"]
[SourceVersionDate "2011.08.29"]
[SourceQuality "1"]

1. e4 d6 2. d4 Nf6 3. Nc3 e5 4. Be3 Be7 5. Nf3 Nbd7 6. Be2 0-0 7. 0-0 Ng4 8. Bd2 c6 9. h3 Ngf6 10. Be3 b5 11. a3 a6 12. Nd2 Bb7 13. dxe5 dxe5 14. Qe1 Qc7 15. f4 c5 16. fxe5 Nxe5 17. Qg3 Kh8 18. Bg5 Rg8 19. Rf5 Bd6 20. Rxf6 Be7 21. Rxf7 Rae8 22. Raf1 c4 23. Kh1 Qd6 24. Bxe7 Rxe7 25. Rxe7 Qxe7 26. Nf3 1-0

[Event "Hamburg St Pauli op-A"]
[Site "Hamburg"]
[Date "2011.07.13"]
[Round "6"]
[White "Preuss, Flemming"]
[Black "Seehagen, Jan"]
[Result "1-0"]
[WhiteElo "1991"]
[BlackElo "1900"]
[PlyCount "91"]
[EventDate "2011.07.09"]
[EventType "swiss"]
[EventRounds "9"]
[EventCountry "GER"]
[SourceTitle "CBM 143 Extra"]
[Source "ChessBase"]
[SourceDate "2011.08.29"]
[SourceVersion "1"]
[SourceVersionDate "2011.08.29"]
[SourceQuality "1"]

1. f4 b6 2. d3 e6 3. Nf3 d5 4. g3 Nf6 5. Bg2 Bb7 6. 0-0 Be7 7. Qe1 Nbd7 8. Nbd2 Ng4 9. e3 h5 10. h3 Nh6 11. Qf2 Nf6 12. Ne5 Nf5 13. Ndf3 Nd7 14. Bd2 Bf6 15. Bc3 Qe7 16. Nxd7 Qxd7 17. Ne5 Qe7 18. e4 dxe4 19. dxe4 Nd6 20. Rfe1 0-0-0 21. Rad1 Nb5 22. Bd2 g5 23. Be3 Nd6 24. Bd4 gxf4 25. Qxf4 Bg5 26. Qf2 h4 27. g4 Rhg8 28. b3 f6 29. Nd3 Rdf8 30. c4 Qh7 31. Qe2 f5 32. exf5 exf5 33. Qe6+ Kb8 34. Bxb7 Kxb7 35. Qd5+ Kb8 36. Ne5 fxg4 37. c5 gxh3 38. Nc6+ Kc8 39. Nxa7+ Kb8 40. Nc6+ Kc8 41. cxd6 Bf4+ 42. Kh1 Qc2 43. d7+ Kb7 44. d8N+ Rxd8 45. Nxd8+ Ka6 46. Qa8+ 1-0

[Event "Hamburg St Pauli op-A"]
[Site "Hamburg"]
[Date "2011.07.12"]
[Round "5"]
[White "Frey, Alisa"]
[Black "Preuss, Flemming"]
[Result "1-0"]
[WhiteElo "2095"]
[BlackElo "1991"]
[PlyCount "75"]
[EventDate "2011.07.09"]
[EventType "swiss"]
[EventRounds "9"]
[EventCountry "GER"]
[SourceTitle "CBM 143 Extra"]
[Source "ChessBase"]
[SourceDate "2011.08.29"]
[SourceVersion "1"]
[SourceVersionDate "2011.08.29"]
[SourceQuality "1"]

1. e4 d6 2. d4 Nf6 3. Nc3 e5 4. Nf3 Nbd7 5. Bc4 Be7 6. 0-0 0-0 7. Re1 c6 8. a4 a5 9. b3 h6 10. Bb2 exd4 11. Nxd4 Ne5 12. Bf1 Ng6 13. Qd2 Qb6 14. Kh1 Qc5 15. Ba3 Qg5 16. Qxg5 hxg5 17. Nf5 Bxf5 18. exf5 Ne5 19. Rxe5 dxe5 20. Bxe7 Rfe8 21. Bc5 Rad8 22. Be3 Ng4 23. Bb6 Rd2 24. Bd3 Nxf2+ 25. Bxf2 Rxf2 26. Ne4 Rxf5 27. Nd6 e4 28. Nxf5 exd3 29. cxd3 Re2 30. Nd6 Rb2 31. Nxb7 Rxb3 32. Nxa5 Rxd3 33. Nxc6 Rc3 34. Nd4 g4 35. a5 Rd3 36. a6 Rxd4 37. a7 Rd1+ 38. Rxd1 1-0

[Event "Hamburg St Pauli op-A"]
[Site "Hamburg"]
[Date "2011.07.10"]
[Round "2"]
[White "Preuss, Flemming"]
[Black "Mueller, Tobias"]
[Result "0-1"]
[WhiteElo "1991"]
[BlackElo "2118"]
[PlyCount "96"]
[EventDate "2011.07.09"]
[EventType "swiss"]
[EventRounds "9"]
[EventCountry "GER"]
[SourceTitle "CBM 143 Extra"]
[Source "ChessBase"]
[SourceDate "2011.08.29"]
[SourceVersion "1"]
[SourceVersionDate "2011.08.29"]
[SourceQuality "1"]

1. f4 c5 2. Nf3 Nc6 3. c3 g6 4. d3 Bg7 5. e4 d6 6. Be2 e5 7. 0-0 Nge7 8. Na3 0-0 9. Be3 exf4 10. Bxf4 d5 11. e5 d4 12. Qd2 Nf5 13. Rae1 Be6 14. c4 a6 15. g4 Ne3 16. Bxe3 dxe3 17. Qxe3 Bxg4 18. Qxc5 Bxf3 19. Bxf3 Qg5+ 20. Kh1 Nxe5 21. Bd5 Qh4 22. Re4 Ng4 23. Qg1 h5 24. d4 Kh7 25. Nc2 f5 26. Re6 Rae8 27. b3 f4 28. Rf3 Re7 29. Rxe7 Qxe7 30. h3 Nh6 31. Rf1 Qh4 32. Qg2 Nf5 33. Kh2 Ng3 34. Re1 g5 35. Kg1 f3 36. Bxf3 Bxd4+ 37. Nxd4 Qxd4+ 38. Kh2 h4 39. Qc2+ Kg7 40. Rd1 Qe5 41. Kg2 Nf5 42. Rd7+ Kh6 43. Qf2 Ne3+ 44. Kh1 Qe6 45. Rxb7 Qxh3+ 46. Kg1 Rxf3 47. Rb6+ Kh5 48. Qxf3+ Qxf3 0-1